Canto heróico y fúnebre por el subteniente caido en Albania / (Record no. 59359)

MARC details
000 -LEADER
campo de control de longitud fija 00511nam a2200169 i 4500
001 - NÚMERO DE CONTROL
campo de control 59359
003 - IDENTIFICADOR DE NÚMERO DE CONTROL
campo de control ES-MaACL
005 - FECHA Y HORA DE LA ÚLTIMA TRANSACCIÓN
campo de control 20230906164022.0
007 - CAMPO FIJO DE DESCRIPCIÓN FÍSICA--INFORMACIÓN GENERAL
campo de control de longitud fija t|
008 - DATOS DE LONGITUD FIJA--INFORMACIÓN GENERAL
campo de control de longitud fija 031028s1980 sp ||||1| spa d
100 1# - ENTRADA PRINCIPAL--NOMBRE DE PERSONA
Nombre de persona Elitis, Odiseas.
9 (RLIN) 47000
245 10 - MENCIÓN DEL TÍTULO
Título Canto heróico y fúnebre por el subteniente caido en Albania /
Mención de responsabilidad, etc. Odiseo Elytis.
250 ## - MENCION DE EDICION
Mención de edición Ed. bilingüe.
260 ## - PUBLICACIÓN, DISTRIBUCIÓN, ETC.
Lugar de publicación, distribución, etc. [Ciudad Real] :
Nombre del editor, distribuidor, etc. Museo de Ciudad Real,
Fecha de publicación, distribución, etc. [1980]
300 ## - DESCRIPCIÓN FÍSICA
Extensión XVI, 28 fol. ;
Dimensiones 22 cm.
852 ## - LOCALIZACIÓN
Ubicación ES-MaACL
Número de control de estantería 2115-F-10
Sublocalización o colección R.100414
Holdings
Estatus retirado Estado de pérdida Estado de daño No para préstamo Colección Biblioteca de origen Biblioteca actual Ubicación en estantería Fecha de adquisición Fuente de adquisición Total de préstamos Signatura topográfica completa Código de barras Visto por última vez Precio de reemplazo Tipo de ítem Koha
        Colección de folletos Biblioteca del Ateneo de Madrid Biblioteca del Ateneo de Madrid Depósito folletos 17/01/2008     2115-F-10 1062262 23/02/2023 23/02/2023 Folleto